书目信息 |
| 题名: |
开始旅行说英文
|
|
| 作者: | 王之义 主编 ;温明志 摄影 | |
| 分册: | ||
| 出版信息: | 北京 中国建材工业出版社 2002.07 |
|
| 页数: | 138页 | |
| 开本: | 21cm | |
| 丛书名: | 白领·品味生活 | |
| 单 册: | ||
| 中图分类: | H319.9 | |
| 科图分类: | ||
| 主题词: | 旅游--lu you--英语--口语 | |
| 电子资源: | ||
| ISBN: | 7-80159-232-8 | |
| 000 | 00932nam 2200265 450 | |
| 001 | 012008643942 | |
| 005 | 20080316113449.01 | |
| 010 | @a7-80159-232-8@dCNY21.00 | |
| 100 | @a20080316d2002 km y0chiy0120 ea | |
| 101 | 0 | @aeng@achi |
| 102 | @aCN@b110000 | |
| 105 | @aa z 000yy | |
| 106 | @ar | |
| 200 | 1 | @a开始旅行说英文@Akai shi lu xing shuo ying wen@f王之义主编@Fwang zhi yi zhu bian@g温明志摄影@Gwen ming zhi she ying |
| 210 | @a北京@c中国建材工业出版社@d2002.07 | |
| 215 | @a138页@c彩图@d21cm | |
| 225 | 2 | @a白领·品味生活@Abai ling·pin wei sheng huo |
| 330 | @a本书是全国第一本以实景拍摄的情景式对话,一步一步的图文解说,让你直接以看图说话的方式开口说英文。 | |
| 410 | 0 | @12001 @a白领·品味生活 |
| 606 | 0 | @a旅游@Alu you@x英语@x口语 |
| 690 | @aH319.9@v4 | |
| 701 | 0 | @a王之义@Awang zhi yi@4主编 |
| 702 | 0 | @a温明志@Awen ming zhi@4摄影 |
| 801 | 0 | @aCN@bQSSK@c20080316 |
| 905 | @b20284689-91@dH319.9@eW468@f3 | |
| 开始旅行说英文/王之义主编/温明志摄影.-北京:中国建材工业出版社,2002.07 |
| 138页:彩图;21cm.-(白领·品味生活) |
| ISBN 7-80159-232-8:CNY21.00 |
| 本书是全国第一本以实景拍摄的情景式对话,一步一步的图文解说,让你直接以看图说话的方式开口说英文。 |
| ● |
| 相关链接 |
|
|
|
正题名:开始旅行说英文
索取号:H319.9/W468
 
预约/预借
| 序号 | 登录号 | 条形码 | 馆藏地/架位号 | 状态 | 备注 |
| 1 | 284689 | 202846894 | 语言库209/209语言库 109排2列5层/ [索取号:H319.9/W468] | 在馆 | |
| 2 | 284690 | 202846901 | 语言库209/209语言库 109排2列5层/ [索取号:H319.9/W468] | 在馆 | |
| 3 | 284691 | 202846910 | 语言库209/209语言库 109排2列5层/ [索取号:H319.9/W468] | 在馆 |